000 00642nam a2200205 i 4500
001 94604
003 ES-MaACL
005 20251201193354.0
007 t|
008 050510s1963 sp ||||1| spa d
080 _a821.133.1-14"18"
100 1 _aLouys, Pierre.
_9139378
245 1 4 _aLas canciones de Bilitis ;
_bseguidas de "La mujer y el pelele" /
_cPierre Louys ; versión castellana de Juan B. Bergua.
260 _aMadrid :
_bClásicos Bergua,
_c1963.
300 _a457 p. ;
_c17 cm.
700 1 _aBergua, Juan B.,
_d1892-1991
_928018
740 3 2 _aLa mujer y el pelele.
852 4 _aES-MaACL
_jC-24697
999 _c94604
_d94604